Homestuck Trolls - Statistics

General Stats
  • This quiz has been taken 556 times
  • The average score is 11 of 12
Answer Stats
Answer % Correct
Karkat
100%
Sollux
97%
Gamzee
96%
Nepeta
96%
Vriska
96%
Terezi
95%
Eridan
94%
Tavros
94%
Aradia
93%
Feferi
92%
Equius
91%
Kanaya
91%
No matching quizzes found
Score Distribution
Percent of People with Each Score
Percentile by Number Answered
Your Score History
You have not taken this quiz